| 000 | 01855cam a2200445 i 4500 | ||
|---|---|---|---|
| 999 |
_c3810 _d3810 |
||
| 001 | .b18581377 | ||
| 003 | OCoLC | ||
| 005 | 20241030170959.0 | ||
| 008 | 160908s2014 enka 000 1 eng | ||
| 020 |
_a9780230463356 _q(pbk.) |
||
| 020 |
_a0230463355 _q(pbk.) |
||
| 035 | _a.b18581377 | ||
| 040 |
_aAU@ _beng _erda _cAU@ _dOCLCO _dOCLCF _dOCL _dNZPPC _dTHCMU _dOCLCQ _dBEDGE _dNKFUST _dKH8 |
||
| 042 | _anbic | ||
| 082 | 0 | _a428.24 SHO | |
| 100 | 1 |
_aShort, Jane, _eauthor. |
|
| 245 | 1 | 0 |
_aReading for IELTS with answer key : _b6.0-7.5 / _cJane Short. |
| 260 |
_aLondon : _bMacmillan, _c2014. |
||
| 264 | 1 |
_aLondon : _bMacmillan, _c2014. |
|
| 264 | 4 | _cc2014. | |
| 300 |
_a92 pages : _bcolour illustrations ; _c27 cm. |
||
| 336 |
_atext _btxt _2rdacontent. |
||
| 337 |
_aunmediated _bn _2rdamedia. |
||
| 338 |
_avolume _bnc _2rdacarrier. |
||
| 490 | 1 | _aImprove your skills. | |
| 520 | _aPrepares pupils for the Academic IELTS Reading paper. This book is full of exercises and examples to help develop key reading skills and build student confidence on how to approach the Reading tasks in the exam. It is a 'With Key' version. | ||
| 650 | 0 |
_aEnglish language _vExaminations, questions, etc. |
|
| 650 | 0 | _aInternational English Language Testing System. | |
| 650 | 0 |
_aEnglish language _vProblems, exercises, etc. |
|
| 650 | 0 |
_aInternational English Language Testing System _vStudy guides. |
|
| 650 | 0 |
_aEnglish language _vTextbooks for foreign speakers. |
|
| 650 | 0 | _aReading comprehension. | |
| 655 | 7 |
_aExaminations. _2fast _0(OCoLC)fst01423780. |
|
| 655 | 7 |
_aProblems and exercises. _2fast _0(OCoLC)fst01423783. |
|
| 655 | 7 |
_aStudy guides. _2fast _0(OCoLC)fst01423888. |
|
| 655 | 7 |
_aTextbooks _vfor foreign speakers. _2fast _0(OCoLC)fst01423864. |
|
| 700 | 1 |
_aWhitby, Norman, _eauthor. |
|
| 830 | 0 | _aImprove your skills (Macmillan) | |
| 942 |
_2ddc _cTR |
||